| 000 | 00720nam a2200217 a 4500 | ||
|---|---|---|---|
| 001 | 13979 | ||
| 003 | BD-JhCC | ||
| 005 | 20240520173544.0 | ||
| 008 | 171109s2007 bg |||| |||| 000 0 ben d | ||
| 035 | _a(BD-JhCC)13979 | ||
| 040 |
_aBD-JhCC _dBD-JhCC |
||
| 041 | _aben | ||
| 082 |
_a920.9 _bSAL 2007 |
||
| 100 | _aসালামি, এডভোকেট কে.এম.আবদুস | ||
| 245 |
_aআইনাঙ্গনে চেনাজানা যাঁরা / _cএডভোকেট কে.এম.আবদুস সালামি। |
||
| 260 |
_aঢাকা : _bছায়ানীড়, _c2007. |
||
| 300 |
_a200 p. : _c22 cm. |
||
| 650 |
_aHistory _yBiography |
||
| 942 |
_2ddc _cBK |
||
| 999 |
_c13979 _d13979 |
||